Exvoto: imagen, órgano, tiempo

-д хадгалсан:
Номзүйн дэлгэрэнгүй
Үндсэн зохиолч: Didi-Huberman, Georges (Зохиогч)
Формат: Ном
Хэл сонгох:испани
Хэвлэсэн: Barcelona Sans Soleil Ediciones 2013
Хэвлэл:1a. ed
Цуврал:Chiribitas, 2
Нөхцлүүд:
Шошгууд: Шошго нэмэх
Шошго байхгүй, Энэхүү баримтыг шошголох эхний хүн болох!

MARC

LEADER 00000cam a2200000 a 4500
001 UCE0683
003 CL-VaPUC
008 140227e20130000sp |||||||||||||||||spa|d
020 |a 9788494098819 
082 0 4 |a 731.42  |b DID  |2 21 
100 |a Didi-Huberman, Georges  |e author  |9 598908 
245 1 0 |a Exvoto: imagen, órgano, tiempo 
250 |a 1a. ed 
300 |a 62 p 
942 |c BK 
945 |d 20140227 11:27:00  |a dcastane 
260 |a Barcelona  |b Sans Soleil Ediciones  |c 2013 
650 0 |a Esculturas  |9 344688 
650 0 |a Iconografía   |9 267998 
583 |a last modification  |c 20140227 11:27:00  |k Rodrigo Vera 
490 0 |a Chiribitas, 2 
999 |c 354745  |d 354743 
952 |0 0  |1 0  |3 erb  |4 0  |6 731_420000000000000_DID_2013  |7 0  |8 A  |9 460898  |a BIBART  |b BIBART  |i 5057302  |o 731.42 DID 2013  |p 5057302  |r 2025-03-13  |w 2019-11-23  |y BK  |z Catalogado en:20140227  |k ART